| 000 -LEADER |
| fixed length control field |
00457nam a2200157Ia 4500 |
| 003 - CONTROL NUMBER IDENTIFIER |
| control field |
OSt |
| 005 - DATE AND TIME OF LATEST TRANSACTION |
| control field |
20230315192044.0 |
| 008 - FIXED-LENGTH DATA ELEMENTS--GENERAL INFORMATION |
| fixed length control field |
230307s9999 xx 000 0 und d |
| 020 ## - INTERNATIONAL STANDARD BOOK NUMBER |
| International Standard Book Number |
090803000 |
| 028 ## - PUBLISHER NUMBER |
| Source |
Hutchinson & Co. (Publishers) Ltd. |
| 082 ## - DEWEY DECIMAL CLASSIFICATION NUMBER |
| Classification number |
307.76 |
| Item number |
DOX |
| 100 ## - MAIN ENTRY--PERSONAL NAME |
| Personal name |
Constantinos Apostolou Doxiadis |
| 245 #0 - TITLE STATEMENT |
| Title |
Ekistics: An introduction to the science of human settlements |
| 260 ## - PUBLICATION, DISTRIBUTION, ETC. (IMPRINT) |
| Place of publication, distribution, etc |
New York |
| Name of publisher, distributor, etc |
Hutchinson of London |
| Date of publication, distribution, etc |
1968 |
| 942 ## - ADDED ENTRY ELEMENTS (KOHA) |
| Source of classification or shelving scheme |
|